000 00249nam a2200109Ia 4500
008 220204s9999 xx 000 0 und d
082 _a82-3
_bWOO
100 _aWood, Bari
245 4 _aThe Killing gift
260 _aNew York
_bNal
_c1977
942 _cBK
999 _c33480
_d33480